[Event "Avoine op 26th"]
[Site "Avoine"]
[Date "2011.07.30"]
[Round "8"]
[White "Demanghon, Jonathan"]
[Black "Corentin, Louis"]
[Result "1-0"]
[WhiteElo "2185"]
[BlackElo "1945"]
[PlyCount "67"]
[EventDate "2011.07.23"]
[EventType "swiss"]
[EventRounds "9"]
[EventCountry "FRA"]
[SourceTitle "EXT 2012"]
[Source "ChessBase"]
[SourceDate "2011.11.24"]
[SourceVersion "1"]
[SourceVersionDate "2011.11.24"]
[SourceQuality "1"]

1. e4 d6 2. d4 Nf6 3. f3 d5 4. e5 Nfd7 5. Nc3 c5 6. f4 cxd4 7. Nce2 Nc6 8. Nf3 e6 9. Nexd4 Bc5 10. c3 0-0 11. Bd3 Qe7 12. Bxh7+ Kxh7 13. Ng5+ Kg8 14. Qh5 Qxg5 15. Qxg5 Bxd4 16. cxd4 Nxd4 17. 0-0 Nc5 18. Qh4 Ne4 19. Rd1 Nc2 20. Rb1 Bd7 21. Bd2 Rfc8 22. Bc3 Rc7 23. Qh3 Rac8 24. Qd3 Ba4 25. Rdc1 Nb4 26. Qd4 Rc4 27. Qxa7 Nxa2 28. Re1 Naxc3 29. bxc3 Bc6 30. Rb4 Rxc3 31. Qa1 Rc4 32. Qb1 Nc3 33. Qb2 b5 34. Rxc4 1-0

[Event "Avoine op 26th"]
[Site "Avoine"]
[Date "2011.07.29"]
[Round "7"]
[White "Bazzazi, Elnaz"]
[Black "Corentin, Louis"]
[Result "0-1"]
[WhiteElo "1711"]
[BlackElo "1945"]
[PlyCount "116"]
[EventDate "2011.07.23"]
[EventType "swiss"]
[EventRounds "9"]
[EventCountry "FRA"]
[SourceTitle "EXT 2012"]
[Source "ChessBase"]
[SourceDate "2011.11.24"]
[SourceVersion "1"]
[SourceVersionDate "2011.11.24"]
[SourceQuality "1"]

1. e4 c5 2. Nf3 e6 3. d4 cxd4 4. Nxd4 Nf6 5. Nc3 Qb6 6. e5 Bc5 7. Na4 Qa5+ 8. Nc3 Bxd4 9. Qxd4 Nc6 10. Qd1 Qxe5+ 11. Be2 Nd4 12. f4 Qc5 13. Bd3 b5 14. Ne4 Nxe4 15. Bxe4 d5 16. Bd3 Bd7 17. c3 Nc6 18. Bd2 0-0 19. Rf1 e5 20. f5 e4 21. Be2 Ne5 22. Bf4 Rfe8 23. Bxe5 Rxe5 24. g4 Qe7 25. Qd4 Qh4+ 26. Kd2 f6 27. Kc2 a5 28. Qb6 Qxh2 29. Rae1 Ree8 30. Qb7 Qd6 31. Bxb5 Bxb5 32. Qxb5 Reb8 33. Qe2 Rb6 34. Rf2 Rab8 35. b3 Qa3 36. Kd1 a4 37. Qb2 Qd6 38. b4 d4 39. Rd2 dxc3 40. Qxc3 Qxb4 41. Qc2 e3 42. Rxe3 Qxg4+ 43. Rde2 Rb1+ 44. Kd2 Qd4+ 45. Rd3 Qf4+ 46. Ree3 R1b2 47. Qxb2 Rxb2+ 48. Kc1 Rb8 49. a3 Qxf5 50. Rf3 Qc5+ 51. Rc3 Qg1+ 52. Kd2 Rb2+ 53. Kd3 Qd1+ 54. Ke4 Re2+ 55. Kf4 Qd4+ 56. Kg3 Qe5+ 57. Kh4 Rh2+ 58. Rh3 Qg5# 0-1

[Event "Ile et Vilaine op"]
[Site "Rennes"]
[Date "2011.06.12"]
[Round "3"]
[White "Corentin, Louis"]
[Black "Busnel, Laurent"]
[Result "1-0"]
[WhiteElo "1946"]
[BlackElo "1913"]
[PlyCount "57"]
[EventDate "2011.06.11"]
[EventType "swiss"]
[EventRounds "7"]
[EventCountry "FRA"]
[SourceTitle "EXT 2012"]
[Source "ChessBase"]
[SourceDate "2011.11.24"]
[SourceVersion "1"]
[SourceVersionDate "2011.11.24"]
[SourceQuality "1"]

1. e4 c5 2. Ne2 e6 3. g3 Qc7 4. Bg2 Nf6 5. Nbc3 a6 6. a4 Nc6 7. 0-0 b6 8. f4 d6 9. d4 cxd4 10. Nxd4 Bb7 11. Be3 Be7 12. g4 h5 13. h3 hxg4 14. hxg4 Rh4 15. Bf3 0-0-0 16. g5 Nd7 17. g6 Nxd4 18. Qxd4 Bf6 19. Qd2 fxg6 20. Rad1 Bxc3 21. bxc3 Nc5 22. Qg2 Qf7 23. a5 Qf6 24. e5 Qf7 25. axb6 Bxf3 26. Qxf3 Qb7 27. Bxc5 Qxf3 28. Rxf3 dxc5 29. b7+ 1-0

[Event "Ile et Vilaine op"]
[Site "Rennes"]
[Date "2011.06.11"]
[Round "2"]
[White "Wirth, Thierry"]
[Black "Corentin, Louis"]
[Result "1/2-1/2"]
[WhiteElo "1897"]
[BlackElo "1946"]
[PlyCount "42"]
[EventDate "2011.06.11"]
[EventType "swiss"]
[EventRounds "7"]
[EventCountry "FRA"]
[SourceTitle "EXT 2012"]
[Source "ChessBase"]
[SourceDate "2011.11.24"]
[SourceVersion "1"]
[SourceVersionDate "2011.11.24"]
[SourceQuality "1"]

1. e4 d6 2. d4 Nf6 3. Bd3 e5 4. c3 d5 5. dxe5 Nxe4 6. Bxe4 dxe4 7. Qxd8+ Kxd8 8. Bf4 Na6 9. Ne2 Bg4 10. Nc1 f5 11. exf6 gxf6 12. h3 Bh5 13. g4 Bg6 14. Nd2 Nc5 15. Nc4 Ne6 16. Ne2 Bc5 17. b4 Bb6 18. 0-0-0+ Ke7 19. Nxb6 axb6 20. Rd2 Rhd8 21. Rhd1 Rd3 1/2-1/2

[Event "Cappelle op 27th"]
[Site "Cappelle la Grande"]
[Date "2011.02.28"]
[Round "4"]
[White "Corentin, Louis"]
[Black "Zagrebelny, Sergey"]
[Result "0-1"]
[WhiteElo "1902"]
[BlackElo "2481"]
[PlyCount "98"]
[EventDate "2011.02.26"]
[EventType "swiss"]
[EventRounds "9"]
[EventCountry "FRA"]
[SourceTitle "CBM 141 Extra"]
[Source "ChessBase"]
[SourceDate "2011.05.03"]
[SourceVersion "1"]
[SourceVersionDate "2011.05.03"]
[SourceQuality "1"]

1. e4 c5 2. Ne2 d6 3. g3 Nc6 4. Bg2 g6 5. c3 Bg7 6. d4 cxd4 7. cxd4 Bg4 8. f3 Bd7 9. Be3 e5 10. Nbc3 Nf6 11. d5 Ne7 12. 0-0 0-0 13. Qb3 b6 14. Nb5 Ne8 15. Qb4 Nc8 16. Rac1 a6 17. Na3 b5 18. Qd2 a5 19. Qd3 Nc7 20. Nc2 b4 21. Ne1 Bb5 22. Qd2 Na6 23. Nd3 Nb6 24. b3 Nd7 25. Rc2 Qe7 26. Rfc1 Rfb8 27. Kh1 Bf8 28. Ng1 Nac5 29. Nxc5 Nxc5 30. Nh3 a4 31. Bxc5 dxc5 32. Bf1 axb3 33. axb3 Bd7 34. Nf2 Ra3 35. Bc4 Rba8 36. Kg2 h5 37. Rb1 Ra1 38. Rxa1 Rxa1 39. Ra2 Bh6 40. Qc2 Rxa2 41. Qxa2 Be3 42. Nd3 Bd4 43. Nc1 h4 44. Ne2 h3+ 45. Kf1 Be3 46. Ng1 Qf6 47. Be2 Bd4 48. Qd2 Qb6 49. Qa2 c4 0-1

[Event "Cappelle op 27th"]
[Site "Cappelle la Grande"]
[Date "2011.02.28"]
[Round "3"]
[White "Kojima, Shinya"]
[Black "Corentin, Louis"]
[Result "0-1"]
[WhiteElo "2329"]
[BlackElo "1902"]
[PlyCount "56"]
[EventDate "2011.02.26"]
[EventType "swiss"]
[EventRounds "9"]
[EventCountry "FRA"]
[SourceTitle "CBM 141 Extra"]
[Source "ChessBase"]
[SourceDate "2011.05.03"]
[SourceVersion "1"]
[SourceVersionDate "2011.05.03"]
[SourceQuality "1"]

1. e4 e6 2. d4 d5 3. Nd2 Nc6 4. Ngf3 Nf6 5. e5 Nd7 6. Bb5 a6 7. Bxc6 bxc6 8. 0-0 c5 9. Re1 cxd4 10. Nxd4 c5 11. N4b3 a5 12. a4 Qc7 13. c4 d4 14. Nf3 Be7 15. Bf4 Bb7 16. Nbd2 h6 17. Ne4 g5 18. Bg3 0-0-0 19. Qb3 Rdg8 20. Qb5 h5 21. Nd6+ Kb8 22. h4 gxh4 23. Nxb7 Qxb7 24. Bxh4 Bxh4 25. Nxh4 Rg4 26. g3 Nb6 27. Ra3 Rhg8 28. Rb3 Rxh4 0-1

[Event "Rohde op 10th"]
[Site "Sautron"]
[Date "2010.10.29"]
[Round "8"]
[White "Corentin, Louis"]
[Black "Jaulin, Philippe"]
[Result "1-0"]
[WhiteElo "1860"]
[BlackElo "2167"]
[PlyCount "47"]
[EventDate "2010.10.23"]
[EventType "swiss"]
[EventRounds "9"]
[EventCountry "FRA"]
[SourceTitle "EXT 2012"]
[Source "ChessBase"]
[SourceDate "2011.11.24"]
[SourceVersion "1"]
[SourceVersionDate "2011.11.24"]
[SourceQuality "1"]

1. c4 e5 2. Nc3 Nc6 3. Nf3 Nf6 4. e4 Bc5 5. Nxe5 Nxe5 6. d4 Bb4 7. dxe5 Nxe4 8. Qd4 Nxc3 9. bxc3 Be7 10. Qg4 Kf8 11. Qf3 Bg5 12. Ba3+ Kg8 13. Bd3 g6 14. 0-0 Kg7 15. Bc5 f6 16. Qd5 fxe5 17. f4 Be7 18. Bxe7 Qxe7 19. fxe5 Qe6 20. Qd4 c5 21. Qf2 Re8 22. Be4 Qe7 23. Bd5 d6 24. exd6 1-0

[Event "Rennes op 2nd"]
[Site "Rennes"]
[Date "2009.07.23"]
[Round "9"]
[White "Arnaud, Jean Paul"]
[Black "Corentin, Louis"]
[Result "0-1"]
[WhiteElo "1884"]
[BlackElo "1737"]
[PlyCount "50"]
[EventDate "2009.07.15"]
[EventType "swiss"]
[EventRounds "9"]
[EventCountry "FRA"]
[SourceTitle "EXT 2011"]
[Source "ChessBase"]
[SourceDate "2010.11.26"]
[SourceVersion "1"]
[SourceVersionDate "2010.11.26"]
[SourceQuality "1"]

1. e4 c5 2. Nf3 d6 3. d4 cxd4 4. Nxd4 Nf6 5. Nc3 a6 6. Bg5 e6 7. f4 Qc7 8. Qf3 b5 9. a3 Nbd7 10. Be2 Be7 11. 0-0-0 h6 12. Bxf6 Nxf6 13. Rhe1 Rb8 14. b4 0-0 15. Rd3 Bb7 16. Bd1 Rfc8 17. Kb2 Qc4 18. Nb3 Qc7 19. g4 Nd7 20. Qg3 Bf6 21. g5 hxg5 22. fxg5 Be5 23. Qe3 Nb6 24. Na5 Bxc3+ 25. Rxc3 Na4+ 0-1

[Event "Rennes op 2nd"]
[Site "Rennes"]
[Date "2009.07.20"]
[Round "6"]
[White "Corentin, Louis"]
[Black "Pavlovic, Zarko"]
[Result "1-0"]
[WhiteElo "1737"]
[BlackElo "1790"]
[PlyCount "101"]
[EventDate "2009.07.15"]
[EventType "swiss"]
[EventRounds "9"]
[EventCountry "FRA"]
[SourceTitle "EXT 2011"]
[Source "ChessBase"]
[SourceDate "2010.11.26"]
[SourceVersion "1"]
[SourceVersionDate "2010.11.26"]
[SourceQuality "1"]

1. e4 e5 2. Nf3 d6 3. d4 exd4 4. Nxd4 Nc6 5. c3 Nf6 6. Bb5 Bd7 7. Qa4 Ne5 8. 0-0 c6 9. Be2 Be7 10. Qd1 0-0 11. f4 Ng6 12. Qc2 Qc8 13. h3 c5 14. Nf3 Nh5 15. f5 Ngf4 16. Bxf4 Nxf4 17. c4 Nh5 18. Nc3 Nf6 19. Rfd1 Bc6 20. Rd2 Rd8 21. Rad1 Qc7 22. Ne1 b6 23. Bf3 Qb7 24. h4 Nd7 25. Nb5 Ne5 26. Nxd6 Qc7 27. Nb5 Nxf3+ 28. Nxf3 Bxb5 29. cxb5 Qf4 30. Rxd8+ Bxd8 31. Qd2 Qc7 32. Qd7 Qxd7 33. Rxd7 f6 34. Kf2 a5 35. bxa6 Rxa6 36. Rxd8+ Kf7 37. a3 Ke7 38. Rg8 Kd6 39. Rxg7 Kc6 40. Rxh7 Kb5 41. Nd2 c4 42. Rc7 Ra4 43. h5 c3 44. Rxc3 Rd4 45. Ke3 Rd7 46. g4 Ka4 47. Nc4 b5 48. Nb6+ Ka5 49. Nxd7 b4 50. axb4+ Kxb4 51. h6 1-0

[Event "Rennes op 2nd"]
[Site "Rennes"]
[Date "2009.07.19"]
[Round "5"]
[White "Quellec, Yannick"]
[Black "Corentin, Louis"]
[Result "1-0"]
[WhiteElo "1900"]
[BlackElo "1737"]
[PlyCount "65"]
[EventDate "2009.07.15"]
[EventType "swiss"]
[EventRounds "9"]
[EventCountry "FRA"]
[SourceTitle "EXT 2011"]
[Source "ChessBase"]
[SourceDate "2010.11.26"]
[SourceVersion "1"]
[SourceVersionDate "2010.11.26"]
[SourceQuality "1"]

1. e4 c5 2. d3 g6 3. f4 Bg7 4. Nf3 Nc6 5. Be2 e5 6. fxe5 Nxe5 7. 0-0 Ne7 8. Bg5 Nxf3+ 9. Bxf3 Bxb2 10. Nd2 f6 11. Bh6 Bxa1 12. Qxa1 Rg8 13. Nc4 d5 14. exd5 Nf5 15. Re1+ Kf7 16. d6 Be6 17. Qc1 Rb8 18. Bf4 b5 19. Nd2 g5 20. Bh5+ Kg7 21. Rxe6 gxf4 22. Ne4 Ne3 23. Rxf6 Qxf6 24. Nxf6 Kxf6 25. Bf3 Rxg2+ 26. Bxg2 Rg8 27. Qb2+ Kf5 28. Kh1 Nxg2 29. Qxb5 f3 30. Qd7+ Ke5 31. Qe7+ Kd4 32. Qe4+ Kc3 33. Qc4+ 1-0